[Event "1st GM"]
[Site "Danzhou CHN"]
[Date "2010.06.11"]
[Round "1"]
[White "Zhou Weiqi"]
[Black "Bu Xiangzhi"]
[Result "1/2-1/2"]
[WhiteElo "2585"]
[BlackElo "2681"]
[PlyCount "64"]
[EventDate "2010.06.11"]

1. e4 e5 2. Nf3 Nf6 3. Nxe5 d6 4. Nf3 Nxe4 5. d4 d5 6. Bd3 Be7 7. O-O Nc6 8.
Nbd2 Bf5 9. Re1 Nxd2 10. Qxd2 Bxd3 11. Qxd3 O-O 12. Bf4 Qd7 13. Re3 Rae8 14.
Rae1 Bf6 15. c3 Rxe3 16. Rxe3 h6 17. h3 a6 18. g4 Ne7 19. Bg3 c6 20. Qe2 Ng6
21. Ne5 Nxe5 22. dxe5 Bd8 23. e6 fxe6 24. Rxe6 Kf7 25. Qf3+ Kg8 26. Qe2 Kf7 27.
Qf3+ Kg8 28. Qe3 Bg5 29. Qe2 Kf7 30. Qf3+ Kg8 31. Qe2 Kf7 32. Qf3+ Kg8 1/2-1/2

[Event "1st GM"]
[Site "Danzhou CHN"]
[Date "2010.06.11"]
[Round "1"]
[White "Yu Yangyi"]
[Black "Ni Hua"]
[Result "1/2-1/2"]
[WhiteElo "2585"]
[BlackElo "2667"]
[PlyCount "145"]
[EventDate "2010.06.11"]

1. e4 e5 2. Nc3 Nf6 3. g3 Bc5 4. Bg2 c6 5. Nge2 d5 6. exd5 cxd5 7. d4 exd4 8.
Nxd4 Bg4 9. Qd3 Nc6 10. Qe3+ Ne7 11. O-O O-O 12. Qd3 h6 13. h3 Bh5 14. Be3 Qc8
15. Na4 Bg6 16. Qe2 Bxd4 17. Bxd4 Ne4 18. Nc3 Re8 19. Qd1 Qc4 20. Ne2 Ng5 21.
Bc3 Nc6 22. h4 Rxe2 23. hxg5 Rd8 24. gxh6 d4 25. b3 Qe6 26. Re1 Rxe1+ 27. Bxe1
gxh6 28. Qc1 Kh7 29. Qf4 Qe5 30. Qxe5 Nxe5 31. c3 d3 32. Bd2 Bh5 33. Bxb7 Nf3+
34. Bxf3 Bxf3 35. Re1 Be2 36. Kg2 Kg6 37. Rh1 h5 38. Rh4 Rd6 39. Ra4 a6 40. Ra5
f6 41. c4 Bg4 42. f3 Bc8 43. Kf2 Re6 44. Be3 Bb7 45. c5 Bd5 46. Ra4 Bb7 47. Rd4
Re5 48. Rxd3 Rd5 49. Rc3 Bc6 50. Rc4 Rd1 51. Rc2 Kf5 52. Ke2 Rh1 53. Bf2 Ke6
54. Rd2 Bd5 55. Rd4 Rc1 56. Ra4 Bb7 57. Be3 Rc2+ 58. Kd3 Rg2 59. Bf4 Kd5 60.
Bd6 Bc6 61. Rd4+ Ke6 62. Bf4 Kf5 63. a4 Bxf3 64. Kc3 Re2 65. Kb4 Rc2 66. Bd6
Ke6 67. Ka5 Bd5 68. b4 Ra2 69. Rd3 Bc4 70. Re3+ Kd5 71. Re1 Kc6 72. Re7 Bb5 73.
Rc7+ 1/2-1/2

[Event "1st GM"]
[Site "Danzhou CHN"]
[Date "2010.06.11"]
[Round "1"]
[White "Wang Hao"]
[Black "Li Chao2"]
[Result "1/2-1/2"]
[WhiteElo "2722"]
[BlackElo "2619"]
[PlyCount "62"]
[EventDate "2010.06.11"]

1. d4 Nf6 2. c4 g6 3. g3 Bg7 4. Bg2 d5 5. cxd5 Nxd5 6. e4 Nb6 7. Ne2 c5 8. d5
O-O 9. O-O e6 10. Nbc3 exd5 11. exd5 Bf5 12. h3 h5 13. h4 Re8 14. d6 Qd7 15. a4
Na6 16. Bg5 Nb4 17. a5 Nc4 18. a6 bxa6 19. Bxa8 Rxa8 20. Nd5 Nxb2 21. Ne7+ Kh7
22. Qb3 Be4 23. Qe3 Bb7 24. Qxc5 Qh3 25. f3 N4d3 26. Qc7 Bd4+ 27. Nxd4 Qxg3+
28. Kh1 Qh3+ 29. Kg1 Qg3+ 30. Kh1 Qh3+ 31. Kg1 Qg3+ 1/2-1/2

[Event "1st GM"]
[Site "Danzhou CHN"]
[Date "2010.06.11"]
[Round "1"]
[White "Hou Yifan"]
[Black "Zhao Jun"]
[Result "1-0"]
[WhiteElo "2589"]
[BlackElo "2574"]
[PlyCount "67"]
[EventDate "2010.06.11"]

1. e4 c5 2. Nf3 d6 3. d4 cxd4 4. Qxd4 a6 5. Be3 Nc6 6. Qd2 Nf6 7. Nc3 Bg4 8. h3
Bxf3 9. gxf3 g6 10. O-O-O Bg7 11. h4 Qa5 12. Kb1 O-O 13. Bh6 Rac8 14. Bxg7 Kxg7
15. h5 gxh5 16. Bh3 Rce8 17. Bf5 Rg8 18. a3 Ne5 19. f4 Ng6 20. Rdg1 Kh8 21. Rg5
Qd8 22. Nd5 Nxd5 23. exd5 h4 24. Qc3+ Rg7 25. Rxh4 Kg8 26. Rh2 Qb6 27. Be4 Qc5
28. Qd3 Rc8 29. f5 Ne5 30. Rxg7+ Kxg7 31. Qg3+ Kf8 32. Rxh7 Ke8 33. f6 exf6 34.
f4 1-0

[Event "1st GM"]
[Site "Danzhou CHN"]
[Date "2010.06.12"]
[Round "2"]
[White "Li Chao2"]
[Black "Hou Yifan"]
[Result "1-0"]
[WhiteElo "2619"]
[BlackElo "2589"]
[PlyCount "57"]
[EventDate "2010.06.11"]

1. e4 c5 2. Nf3 d6 3. d4 cxd4 4. Nxd4 Nf6 5. Nc3 e6 6. f4 Nc6 7. Be3 Be7 8. Qf3
e5 9. Nxc6 bxc6 10. f5 Rb8 11. O-O-O Qa5 12. Bc4 d5 13. exd5 Ba3 14. bxa3 Qxc3
15. Bxa7 Qb2+ 16. Kd2 cxd5 17. Bxb8 Qxb8 18. Bxd5 O-O 19. Kc1 Bd7 20. Rhe1 Qc7
21. Bb3 e4 22. Rxe4 Nxe4 23. Qxe4 Bc6 24. Qc4 Qb6 25. g4 h6 26. Rd6 Qe3+ 27.
Kb2 Bf3 28. Qd4 Qg5 29. Rg6 1-0

[Event "1st GM"]
[Site "Danzhou CHN"]
[Date "2010.06.12"]
[Round "2"]
[White "Ni Hua"]
[Black "Wang Hao"]
[Result "1/2-1/2"]
[WhiteElo "2667"]
[BlackElo "2722"]
[PlyCount "64"]
[EventDate "2010.06.11"]

1. e4 c5 2. Nf3 e6 3. d4 cxd4 4. Nxd4 a6 5. Bd3 Nf6 6. O-O Qc7 7. Qe2 d6 8. c4
g6 9. Nc3 Bg7 10. Nf3 O-O 11. Bf4 Nc6 12. Rac1 e5 13. Be3 Bg4 14. Nd5 Qd8 15.
h3 Bxf3 16. Qxf3 Nd4 17. Nxf6+ Bxf6 18. Bxd4 exd4 19. c5 Rc8 20. cxd6 Qxd6 21.
Rxc8 Rxc8 22. Qg4 Qe6 23. f4 Rc6 24. e5 Qxg4 25. hxg4 Bh4 26. Kh2 Rb6 27. Kh3
Be7 28. Rc1 Rxb2 29. Rc8+ Kg7 30. Rc7 Rxa2 31. Be4 Ra3+ 32. g3 Re3 1/2-1/2

[Event "1st GM"]
[Site "Danzhou CHN"]
[Date "2010.06.12"]
[Round "2"]
[White "Zhou Jianchao"]
[Black "Yu Yangyi"]
[Result "1/2-1/2"]
[WhiteElo "2652"]
[BlackElo "2585"]
[PlyCount "62"]
[EventDate "2010.06.11"]

1. c4 c6 2. Nf3 d5 3. d4 Nf6 4. e3 g6 5. Nc3 Bg7 6. Be2 O-O 7. O-O e6 8. Qc2
Nbd7 9. b4 Re8 10. Bb2 b6 11. cxd5 exd5 12. Na4 Bb7 13. Rac1 Rc8 14. Qb3 Ne4
15. Nc3 Nd6 16. b5 c5 17. Nxd5 cxd4 18. Rxc8 Nxc8 19. Nb4 Nc5 20. Qa3 dxe3 21.
fxe3 Bxb2 22. Qxb2 Rxe3 23. Nc6 Qe8 24. Nfe5 Na4 25. Qd4 Rxe2 26. Ng4 Qf8 27.
Nf6+ Kh8 28. Nh5+ Kg8 29. Nf6+ Kh8 30. Nh5+ Kg8 31. Nf6+ Kh8 1/2-1/2

[Event "1st GM"]
[Site "Danzhou CHN"]
[Date "2010.06.13"]
[Round "3"]
[White "Yu Yangyi"]
[Black "Zhou Weiqi"]
[Result "1/2-1/2"]
[WhiteElo "2585"]
[BlackElo "2585"]
[PlyCount "77"]
[EventDate "2010.06.11"]

1. e4 c6 2. d4 d5 3. f3 e6 4. Nc3 Nf6 5. Bf4 Qb6 6. a3 c5 7. Qd2 cxd4 8. Nb5
Na6 9. O-O-O Bd7 10. Nxd4 dxe4 11. fxe4 Nc5 12. Ngf3 Ncxe4 13. Qe1 Bc5 14. b4
Bd6 15. Bxd6 Nxd6 16. Ne5 Rd8 17. g4 h6 18. Bg2 Ba4 19. h4 Nb5 20. Nxb5 Rxd1+
21. Qxd1 Bxb5 22. Kb1 Nd7 23. Nxd7 Bxd7 24. Rh3 Ke7 25. Rd3 Rd8 26. Qd2 Bc6 27.
Bxc6 Rxd3 28. Qxd3 Qxc6 29. Qd4 Qh1+ 30. Kb2 b6 31. Qe5 Qd5 32. Qxg7 e5 33. g5
hxg5 34. Qxg5+ Ke6 35. Qg4+ Kf6 36. Qg5+ Ke6 37. Qg4+ Kf6 38. Qg5+ Ke6 39. Qg4+
1/2-1/2

[Event "1st GM"]
[Site "Danzhou CHN"]
[Date "2010.06.13"]
[Round "3"]
[White "Wang Hao"]
[Black "Zhou Jianchao"]
[Result "1-0"]
[WhiteElo "2722"]
[BlackElo "2652"]
[PlyCount "35"]
[EventDate "2010.06.11"]

1. d4 Nf6 2. c4 g6 3. f3 Bg7 4. e4 d6 5. Nc3 O-O 6. Be3 Nfd7 7. Qd2 c5 8. d5
Qa5 9. Bh6 Bxh6 10. Qxh6 b5 11. h4 bxc4 12. h5 Nf6 13. O-O-O Qb4 14. e5 dxe5
15. d6 e6 16. Nh3 Nbd7 17. Ng5 Rb8 18. Rd2 1-0

[Event "1st GM"]
[Site "Danzhou CHN"]
[Date "2010.06.13"]
[Round "3"]
[White "Hou Yifan"]
[Black "Ni Hua"]
[Result "1/2-1/2"]
[WhiteElo "2589"]
[BlackElo "2667"]
[PlyCount "76"]
[EventDate "2010.06.11"]

1. e4 e5 2. Nf3 Nc6 3. Bc4 Nf6 4. d3 Bc5 5. c3 O-O 6. Bb3 d5 7. Nbd2 Bg4 8. h3
Bh5 9. Qe2 Bg6 10. Nh4 Kh8 11. Bc2 Bb6 12. Ndf3 h6 13. g4 Nh7 14. Bd2 a5 15. a4
Bc5 16. Nf5 Ra6 17. O-O Rb6 18. Rab1 f6 19. Qe1 Ng5 20. N3h4 Bh7 21. Kh2 Ne6
22. Ng2 Ne7 23. Qe2 Ng6 24. Rfd1 Re8 25. Qf3 d4 26. h4 Bd6 27. Kh1 Ngf4 28.
Nxf4 exf4 29. Nxd4 f5 30. Qh3 fxe4 31. Nxe6 Rxe6 32. dxe4 Bxe4+ 33. Bxe4 Rxe4
34. Kg2 Qd7 35. Qf3 Rxa4 36. b3 Ra2 37. Bxf4 Qc6 38. Bxd6 Qxf3+ 1/2-1/2

[Event "1st GM"]
[Site "Danzhou CHN"]
[Date "2010.06.14"]
[Round "4"]
[White "Bu Xiangzhi"]
[Black "Li Chao2"]
[Result "1/2-1/2"]
[WhiteElo "2681"]
[BlackElo "2619"]
[PlyCount "93"]
[EventDate "2010.06.11"]

1. c4 Nf6 2. Nc3 d5 3. cxd5 Nxd5 4. g3 e5 5. Bg2 Nb6 6. Nf3 Nc6 7. O-O Be7 8.
Rb1 a5 9. d3 O-O 10. Be3 Be6 11. d4 exd4 12. Nxd4 Nxd4 13. Qxd4 Qxd4 14. Bxd4
Nc4 15. Rfd1 c5 16. Nd5 Bxd5 17. Bxd5 cxd4 18. Bxc4 Rfd8 19. Rbc1 Rac8 20. a4
Kf8 21. Rd3 b6 22. b3 Bc5 23. Bb5 Ke7 24. Kg2 h5 25. Rf3 g6 26. Bc4 f5 27. h3
Rf8 28. Rh1 Rh8 29. Rd1 Rcf8 30. Bb5 Rd8 31. Rfd3 Rd6 32. Rc1 Kf6 33. Kf3 Ke5
34. Rc4 h4 35. Kg2 g5 36. Rf3 hxg3 37. Rxg3 Rdh6 38. Rxg5 Rxh3 39. Rxf5+ Ke6
40. Rcxc5 bxc5 41. Rxc5 Rh2+ 42. Kf3 Kd6 43. Rg5 R8h4 44. Rg6+ Ke5 45. Rg5+ Kf6
46. Rg3 Ke5 47. Rg5+ 1/2-1/2

[Event "1st GM"]
[Site "Danzhou CHN"]
[Date "2010.06.14"]
[Round "4"]
[White "Zhou Jianchao"]
[Black "Hou Yifan"]
[Result "1-0"]
[WhiteElo "2652"]
[BlackElo "2589"]
[PlyCount "79"]
[EventDate "2010.06.11"]

1. Nf3 Nf6 2. c4 e6 3. Nc3 d5 4. d4 Bb4 5. Qa4+ Nc6 6. e3 O-O 7. Bd2 dxc4 8.
Bxc4 Bd6 9. O-O a6 10. Be2 Bd7 11. Qb3 b5 12. Qc2 e5 13. dxe5 Nxe5 14. Nxe5
Bxe5 15. f4 Bd6 16. Bf3 c6 17. Kh1 Qc7 18. Ne2 Nd5 19. Rac1 Rac8 20. Qd3 Nb4
21. Qb1 a5 22. e4 f6 23. Rfd1 Be6 24. a3 Ba2 25. Bxb4 Bxb1 26. Bxd6 Qf7 27.
Rxb1 Rfe8 28. e5 h6 29. Nd4 Qd7 30. h3 fxe5 31. fxe5 c5 32. Bg4 Qb7 33. Bxc8
Rxc8 34. Nb3 Qb6 35. Nxc5 Rxc5 36. Bxc5 Qxc5 37. e6 Kf8 38. Rbc1 Qg5 39. Rc7
Kg8 40. e7 1-0

[Event "1st GM"]
[Site "Danzhou CHN"]
[Date "2010.06.14"]
[Round "4"]
[White "Zhou Weiqi"]
[Black "Wang Hao"]
[Result "1-0"]
[WhiteElo "2585"]
[BlackElo "2722"]
[PlyCount "69"]
[EventDate "2010.06.11"]

1. d4 Nf6 2. c4 e6 3. Nf3 d5 4. Nc3 Bb4 5. Bg5 h6 6. Bxf6 Qxf6 7. Qa4+ Nc6 8.
e3 O-O 9. Be2 a6 10. O-O Rd8 11. Rac1 dxc4 12. Bxc4 Bxc3 13. Rxc3 e5 14. dxe5
Nxe5 15. Nxe5 Qxe5 16. Qb3 Qe7 17. a4 c6 18. a5 Bf5 19. e4 Bg6 20. Re1 Rd2 21.
e5 Rad8 22. h3 Kh8 23. Rf3 Bh5 24. g4 Bg6 25. e6 R8d6 26. Ree3 Rd1+ 27. Kg2 f6
28. Rf4 Be8 29. Be2 Ra1 30. Rb4 c5 31. Rxb7 Bc6+ 32. Bf3 Bxb7 33. Qxb7 Qe8 34.
Qf7 Rd8 35. e7 1-0

[Event "1st GM"]
[Site "Danzhou CHN"]
[Date "2010.06.15"]
[Round "5"]
[White "Yu Yangyi"]
[Black "Bu Xiangzhi"]
[Result "1/2-1/2"]
[WhiteElo "2585"]
[BlackElo "2681"]
[PlyCount "61"]
[EventDate "2010.06.11"]

1. e4 c5 2. Nf3 Nc6 3. Bb5 d6 4. O-O Bd7 5. Re1 Nf6 6. h3 e6 7. c3 d5 8. d3 Be7
9. Nbd2 a6 10. Bxc6 Bxc6 11. Ne5 O-O 12. Nxc6 bxc6 13. Qa4 Qb6 14. e5 Nd7 15.
Qg4 Kh8 16. Nf3 Qb5 17. c4 Qb4 18. Re2 Rae8 19. Bg5 Bxg5 20. Nxg5 h6 21. Nf3 a5
22. Rc1 Rb8 23. Qh4 Kg8 24. Kh2 a4 25. Rg1 a3 26. b3 Qc3 27. Rd1 Rbd8 28. Re3
Qc2 29. Rd2 Qc1 30. Re1 Qc3 31. Re3 1/2-1/2

[Event "1st GM"]
[Site "Danzhou CHN"]
[Date "2010.06.15"]
[Round "5"]
[White "Hou Yifan"]
[Black "Zhou Weiqi"]
[Result "1/2-1/2"]
[WhiteElo "2589"]
[BlackElo "2585"]
[PlyCount "103"]
[EventDate "2010.06.11"]

1. e4 c6 2. d4 d5 3. Nc3 dxe4 4. Nxe4 Bf5 5. Ng3 Bg6 6. h4 h6 7. Nf3 Nd7 8. h5
Bh7 9. Bd3 Bxd3 10. Qxd3 e6 11. Bd2 Ngf6 12. O-O-O Be7 13. Qe2 O-O 14. Nf1 Nb6
15. Kb1 Qd5 16. Ne3 Qe4 17. Rh4 Qh7 18. Bc1 Rad8 19. Ng4 Rd5 20. Nge5 Nbd7 21.
Rhh1 Nxe5 22. dxe5 Qe4 23. Rde1 Qxe2 24. Rxe2 Nh7 25. c4 Rd7 26. Kc2 Rfd8 27.
Be3 b6 28. Rd2 Rxd2+ 29. Nxd2 f6 30. exf6 Nxf6 31. f3 Kf7 32. g4 Bd6 33. Re1
Bg3 34. Re2 c5 35. b3 Rd7 36. Nb1 g5 37. hxg6+ Kxg6 38. Nc3 e5 39. Rd2 Rf7 40.
Kd1 e4 41. Nxe4 Nxe4 42. fxe4 Bf4 43. Ke2 Kg5 44. Kf3 Bxe3+ 45. Kxe3 Rf1 46.
Rh2 Re1+ 47. Kf3 Rf1+ 48. Ke3 Re1+ 49. Kd3 Rd1+ 50. Kc3 Rc1+ 51. Kd2 Ra1 52.
Ke3 1/2-1/2

[Event "1st GM"]
[Site "Danzhou CHN"]
[Date "2010.06.15"]
[Round "5"]
[White "Zhao Jun"]
[Black "Zhou Jianchao"]
[Result "0-1"]
[WhiteElo "2574"]
[BlackElo "2652"]
[PlyCount "92"]
[EventDate "2010.06.11"]

1. Nf3 Nf6 2. c4 g6 3. d4 Bg7 4. g3 d5 5. cxd5 Nxd5 6. Bg2 Nb6 7. Nc3 Nc6 8. e3
O-O 9. O-O Re8 10. Re1 e5 11. d5 Ne7 12. e4 Bg4 13. a4 c6 14. a5 Nc4 15. a6
bxa6 16. Rxa6 Qc8 17. Qa4 cxd5 18. exd5 e4 19. Rxe4 Nb6 20. Qa2 Bxc3 21. bxc3
Nexd5 22. Ng5 Rxe4 23. Nxe4 Be6 24. Qa1 Bh3 25. c4 Bxg2 26. Bh6 f6 27. Kxg2
Qxc4 28. Nxf6+ Nxf6 29. Qxf6 Qf7 30. Qa1 Nd5 31. Kg1 Nb4 32. Rf6 Qe7 33. Re6
Qf7 34. Rf6 Qe7 35. Re6 Qf7 36. Qe5 Nd3 37. Qe2 Rb8 38. Kg2 g5 39. h3 Nxf2 40.
Re7 Qd5+ 41. Kxf2 Qd4+ 42. Kg2 Rb2 43. Re8+ Kf7 44. Re7+ Kg6 45. Re6+ Kf5 46.
g4+ Kf4 0-1

[Event "1st GM"]
[Site "Danzhou CHN"]
[Date "2010.06.15"]
[Round "5"]
[White "Li Chao2"]
[Black "Ni Hua"]
[Result "1-0"]
[WhiteElo "2619"]
[BlackElo "2667"]
[PlyCount "101"]
[EventDate "2010.06.11"]

1. e4 e5 2. Nf3 Nc6 3. Bb5 Nf6 4. O-O Nxe4 5. d4 Nd6 6. Bxc6 dxc6 7. dxe5 Nf5
8. Qxd8+ Kxd8 9. Nc3 Ke8 10. h3 b6 11. a3 Bb7 12. Rd1 Rc8 13. Bf4 h6 14. Rd2 g5
15. Bh2 Be7 16. g4 Ng7 17. Nd4 f6 18. e6 Bd6 19. Bxd6 cxd6 20. Ne4 Rd8 21. Re1
d5 22. Nxf6+ Ke7 23. Nd7 Rde8 24. Nf5+ Nxf5 25. gxf5 Bc8 26. Ne5 Kf6 27. Nxc6
Kxf5 28. Rxd5+ Kf6 29. Nd4 Rd8 30. c4 Rhe8 31. Nc6 Rxd5 32. cxd5 Bb7 33. a4 a5
34. Rc1 Bxc6 35. dxc6 Rc8 36. c7 Kxe6 37. Kg2 Kf5 38. Rc6 h5 39. Kg3 Ke5 40. h4
Kf5 41. f3 gxh4+ 42. Kxh4 Kf4 43. Rc3 Kf5 44. Rc4 Kg6 45. Rc6+ Kf5 46. b3 Kf4
47. Kxh5 Kxf3 48. Rc4 Ke3 49. Kg6 Kd3 50. Kf6 b5 51. Rc6 1-0

[Event "1st GM"]
[Site "Danzhou CHN"]
[Date "2010.06.17"]
[Round "6"]
[White "Bu Xiangzhi"]
[Black "Ni Hua"]
[Result "1-0"]
[WhiteElo "2681"]
[BlackElo "2667"]
[PlyCount "107"]
[EventDate "2010.06.11"]

1. Nf3 Nf6 2. c4 c6 3. d4 d5 4. Nc3 dxc4 5. a4 Bf5 6. Ne5 Nbd7 7. Nxc4 Nb6 8.
Ne5 a5 9. g3 e6 10. Bg2 Bb4 11. O-O O-O 12. e3 h6 13. Qe2 Nfd7 14. Nxd7 Nxd7
15. Rd1 Qe7 16. e4 Bg6 17. Be3 Rfd8 18. Rac1 Rac8 19. d5 Bc5 20. Bh3 b6 21.
dxe6 fxe6 22. Qg4 Bxe3 23. Qxe6+ Qxe6 24. Bxe6+ Bf7 25. Bxf7+ Kxf7 26. fxe3 Nc5
27. Kf1 Ke6 28. Ke2 Nb3 29. Rc2 Ke5 30. Rf1 Rf8 31. Rxf8 Rxf8 32. Nd1 Nc5 33.
Rc4 Rf6 34. Nf2 h5 35. g4 h4 36. g5 Rg6 37. b4 axb4 38. a5 Rxg5 39. axb6 Kd6
40. e5+ Rxe5 41. Rxc5 Kxc5 42. Nd3+ Kxb6 43. Nxe5 Kc5 44. Kd3 b3 45. Nf3 Kb4
46. e4 g5 47. Nxg5 c5 48. Nf3 c4+ 49. Kd2 c3+ 50. Kc1 b2+ 51. Kc2 Ka3 52. Kb1
Kb3 53. Nd4+ Kc4 54. Ne2 1-0

[Event "1st GM"]
[Site "Danzhou CHN"]
[Date "2010.06.17"]
[Round "6"]
[White "Zhou Jianchao"]
[Black "Li Chao2"]
[Result "1/2-1/2"]
[WhiteElo "2652"]
[BlackElo "2619"]
[PlyCount "110"]
[EventDate "2010.06.11"]

1. Nf3 Nf6 2. c4 g6 3. Nc3 d5 4. cxd5 Nxd5 5. h4 Bg7 6. e4 Nb6 7. d4 Bg4 8. Be3
O-O 9. Qd2 Bxf3 10. gxf3 e5 11. d5 h5 12. Bg5 Qd6 13. Nb5 Qd7 14. Rc1 c6 15.
Bh3 f5 16. dxc6 Qxd2+ 17. Bxd2 Nxc6 18. exf5 gxf5 19. Rg1 Rad8 20. Bh6 Rd7 21.
Rd1 Re7 22. Rd6 Nd4 23. Rxg7+ Rxg7 24. Bxg7 Kxg7 25. Nxd4 exd4 26. b3 Rf7 27.
Rxd4 Nc8 28. Bf1 Ne7 29. Bc4 Nc6 30. Bxf7 Nxd4 31. Bd5 b6 32. Kd2 Kf6 33. Kd3
Ke5 34. Kc4 Ne2 35. Bf7 Nf4 36. Kb5 Kf6 37. Bxh5 Nxh5 38. Ka6 Nf4 39. Kxa7 b5
40. Kb6 b4 41. Kc5 Nd3+ 42. Kc4 Nxf2 43. Kxb4 Nd3+ 44. Kc3 Ne5 45. a4 Nxf3 46.
a5 Ne5 47. a6 Nc6 48. Kd2 f4 49. b4 Na7 50. Ke2 Kf5 51. Kf3 Nb5 52. h5 Kg5 53.
h6 Kxh6 54. Kxf4 Kg6 55. Ke4 Kf6 1/2-1/2

[Event "1st GM"]
[Site "Danzhou CHN"]
[Date "2010.06.17"]
[Round "6"]
[White "Zhou Weiqi"]
[Black "Zhao Jun"]
[Result "1/2-1/2"]
[WhiteElo "2585"]
[BlackElo "2574"]
[PlyCount "228"]
[EventDate "2010.06.11"]

1. d4 Nf6 2. c4 g6 3. Nc3 Bg7 4. e4 d6 5. Nf3 O-O 6. Be2 e5 7. O-O Na6 8. Re1
c6 9. d5 c5 10. a3 Bd7 11. Rb1 Ne8 12. b4 b6 13. Rb3 Nac7 14. Nd2 Bh6 15. Bb2
Ng7 16. Nf1 Nce8 17. Qb1 f5 18. f3 Nf6 19. Bd3 Nfh5 20. bxc5 bxc5 21. exf5 Nxf5
22. Ne4 Nf4 23. Bc3 Nh4 24. Ne3 Nxd3 25. Qxd3 Nxf3+ 26. gxf3 Rxf3 27. Bd2 Qh4
28. Qb1 Bf4 29. Re2 Bh3 30. Rb8+ Rxb8 31. Qxb8+ Kg7 32. Qxa7+ Kg8 33. Qb8+ Kg7
34. Qb7+ Kg8 35. Qb8+ Kg7 36. Qb7+ Kg8 37. Qb1 Bxe3+ 38. Rxe3 Qg4+ 39. Ng3 Rf1+
40. Qxf1 Bxf1 41. Kxf1 Qxc4+ 42. Ke1 Qxd5 43. a4 Qa2 44. Ne4 Qxa4 45. Nxd6 Qh4+
46. Kd1 Qxh2 47. Nc4 h5 48. Nxe5 h4 49. Nf3 Qh1+ 50. Kc2 h3 51. Ra3 h2 52. Nxh2
Qxh2 53. Ra5 Qf2 54. Kd3 Qd4+ 55. Ke2 c4 56. Ra3 Kf7 57. Rf3+ Ke6 58. Bc3 Qg4
59. Kf2 Kd5 60. Rg3 Qf4+ 61. Kg2 g5 62. Be1 Qe4+ 63. Kf1 g4 64. Kf2 Qc2+ 65.
Kf1 Qd1 66. Rc3 Kd4 67. Rg3 Ke4 68. Rc3 Qd4 69. Rg3 Kf4 70. Rc3 Qd5 71. Bg3+
Kf5 72. Be1 Qh1+ 73. Ke2 Qg2+ 74. Kd1 Qf1 75. Rg3 Qf4 76. Ke2 Ke4 77. Kd1 Qd6+
78. Ke2 Kf4 79. Rc3 Qd5 80. Bg3+ Kf5 81. Be1 Qd4 82. Kf1 Ke4 83. Ke2 Kd5 84.
Rg3 Qe4+ 85. Kf1 Qe6 86. Rc3 Kd4 87. Rg3 Qe4 88. Bc3+ Kc5 89. Be1 Kb5 90. Rc3
Qf4+ 91. Ke2 Kc5 92. Rg3 Kd4 93. Bc3+ Ke4 94. Be1 Kf5 95. Rc3 Qh2+ 96. Kd1 Qa2
97. Rg3 Qb2 98. Rc3 Kg5 99. Bd2+ Kg6 100. Be1 Kf5 101. Rg3 Kf4 102. Rc3 Ke5
103. Rg3 Kd5 104. Rc3 Qg2 105. Rg3 Qf1 106. Rc3 Qf5 107. Ke2 Qb1 108. Rg3 Qc2+
109. Kf1 Qd1 110. Rc3 Kd4 111. Rg3 Ke5 112. Re3+ Kd5 113. Rc3 Kd4 114. Rg3 Qb1
1/2-1/2

[Event "1st GM"]
[Site "Danzhou CHN"]
[Date "2010.06.17"]
[Round "6"]
[White "Yu Yangyi"]
[Black "Wang Hao"]
[Result "0-1"]
[WhiteElo "2585"]
[BlackElo "2722"]
[PlyCount "88"]
[EventDate "2010.06.11"]

1. e4 c5 2. Nf3 Nc6 3. d4 cxd4 4. Nxd4 Nf6 5. Nc3 d6 6. Bg5 e6 7. Qd2 Be7 8.
O-O-O a6 9. Nb3 b5 10. Bxf6 gxf6 11. f4 b4 12. Ne2 Qb6 13. Kb1 Bb7 14. f5 e5
15. Ng3 a5 16. Bc4 a4 17. Nc1 Nd4 18. Qe3 Qc5 19. Rxd4 exd4 20. Qd3 Rc8 21. b3
d5 22. exd5 Bxd5 23. Bxd5 Qxd5 24. Re1 axb3 25. Qxb3 Qxb3+ 26. axb3 Kf8 27. Re4
Bd6 28. Rxd4 Bxg3 29. hxg3 Rg8 30. g4 h5 31. Rxb4 Rxg4 32. Rxg4 hxg4 33. Nd3
Re8 34. b4 Re2 35. b5 Ke7 36. Nf4 Rf2 37. Nd5+ Kd6 38. b6 Kc6 39. g3 Rf3 40.
Kc1 Rxg3 41. Kd2 Rg1 42. c4 g3 43. Ke2 Rd1 44. Ne3 Rb1 0-1

[Event "1st GM"]
[Site "Danzhou CHN"]
[Date "2010.06.18"]
[Round "7"]
[White "Wang Hao"]
[Black "Bu Xiangzhi"]
[Result "1-0"]
[WhiteElo "2722"]
[BlackElo "2681"]
[PlyCount "93"]
[EventDate "2010.06.11"]

1. d4 d5 2. c4 c6 3. Nf3 Nf6 4. Nc3 a6 5. e3 e6 6. b3 Bb4 7. Bd2 O-O 8. Bd3
Nbd7 9. O-O Bd6 10. e4 e5 11. exd5 exd4 12. Nxd4 cxd5 13. cxd5 Nb6 14. Bg5 Be5
15. Bc4 Re8 16. f4 Bd6 17. Qd3 Nbd7 18. a4 Qb6 19. Kh1 Nc5 20. Qc2 Ng4 21. Rae1
Bd7 22. Qd2 Qb4 23. h3 Rxe1 24. Rxe1 Nf2+ 25. Kh2 b5 26. axb5 axb5 27. Bxb5 h6
28. Be7 Ra2 29. Qxa2 Bxf4+ 30. g3 Bxg3+ 31. Kg2 Bxh3+ 32. Kxg3 Qxc3+ 33. Kxf2
Qxd4+ 34. Kg3 Qc3+ 35. Kh2 Qxe1 36. Bxc5 Bf5 37. Bf2 Qd1 38. Qe2 Qxb3 39. d6
Qd5 40. Bg3 Kh7 41. Bc4 Qd4 42. Bxf7 Qf6 43. Bd5 Qg6 44. Bg2 h5 45. Qe7 Qg4 46.
Be5 h4 47. Bf3 1-0

[Event "1st GM"]
[Site "Danzhou CHN"]
[Date "2010.06.18"]
[Round "7"]
[White "Hou Yifan"]
[Black "Yu Yangyi"]
[Result "1/2-1/2"]
[WhiteElo "2589"]
[BlackElo "2585"]
[PlyCount "112"]
[EventDate "2010.06.11"]

1. e4 c5 2. Nf3 Nc6 3. Nc3 Nf6 4. d4 cxd4 5. Nxd4 e5 6. Ndb5 d6 7. Bg5 a6 8.
Na3 b5 9. Nd5 Be7 10. Bxf6 Bxf6 11. c4 b4 12. Nc2 O-O 13. Be2 Bg5 14. O-O Be6
15. Qd3 Qb8 16. Rfd1 Ra7 17. Bf3 Bd8 18. b3 Rd7 19. Qe2 g6 20. Rd2 a5 21. Rad1
Kh8 22. h3 Bg5 23. Rd3 Qa7 24. Qf1 Qc5 25. Nde3 a4 26. Qe1 Ra8 27. Nd5 Rb7 28.
a3 axb3 29. axb4 Nxb4 30. Ncxb4 b2 31. Rb1 Bc1 32. Qc3 Ra4 33. Rxc1 bxc1=Q+ 34.
Qxc1 Raxb4 35. Nxb4 Rxb4 36. Qg5 Kg7 37. Qe7 Rb1+ 38. Kh2 Rb6 39. Bg4 Bxc4 40.
Rf3 Rb8 41. Rf6 Re8 42. Qxd6 Qd4 43. Qc6 Rd8 44. Rf3 Rd6 45. Qc7 h5 46. Bc8 Rf6
47. Rxf6 Kxf6 48. Bb7 Kg7 49. h4 Be6 50. Qc2 Qb4 51. Ba6 Qe1 52. Qe2 Qc1 53.
Bd3 Bg4 54. Qc2 Qf4+ 55. g3 Qf3 56. Bf1 Be6 1/2-1/2

[Event "1st GM"]
[Site "Danzhou CHN"]
[Date "2010.06.18"]
[Round "7"]
[White "Li Chao2"]
[Black "Zhou Weiqi"]
[Result "1-0"]
[WhiteElo "2619"]
[BlackElo "2585"]
[PlyCount "123"]
[EventDate "2010.06.11"]

1. e4 e6 2. d4 d5 3. Nc3 Nf6 4. e5 Nfd7 5. f4 c5 6. Nf3 Nc6 7. Be3 Qb6 8. a3
cxd4 9. Nxd4 Nxd4 10. Bxd4 Bc5 11. Bxc5 Nxc5 12. Qd4 Bd7 13. O-O-O Rc8 14. Kb1
Bc6 15. Qb4 O-O 16. Qxb6 axb6 17. Be2 f6 18. exf6 Rxf6 19. Rd4 Be8 20. Bg4 Rc6
21. f5 exf5 22. Bf3 Ne4 23. Nxd5 Rfe6 24. g4 Bg6 25. gxf5 Bxf5 26. Nc3 Nxc3+
27. bxc3 Re3 28. Bd5+ Kf8 29. Bxc6 bxc6 30. Rf1 g6 31. Rd7 Rxc3 32. Rxh7 Rxa3
33. Rd1 Ke8 34. Re1+ Kd8 35. Ree7 Rh3 36. Rhg7 Rxh2 37. Rb7 Kc8 38. Ra7 Kb8 39.
Raf7 Rh8 40. Rb7+ Ka8 41. Ra7+ Kb8 42. Rgb7+ Kc8 43. Rxb6 Rh1+ 44. Kb2 Bd7 45.
c4 Rd1 46. Ra8+ Kc7 47. c5 Rd2+ 48. Kc3 Rd5 49. Kc4 Rd1 50. Rb2 g5 51. Ra7+ Kd8
52. Rh2 Ke7 53. Rh6 Rc1+ 54. Kd4 Rd1+ 55. Ke4 Re1+ 56. Kf3 g4+ 57. Kf2 Rd1 58.
Rxc6 Ra1 59. Rb7 Rb1 60. Rcb6 Rxb6 61. cxb6 Kd6 62. Rc7 1-0

[Event "1st GM"]
[Site "Danzhou CHN"]
[Date "2010.06.19"]
[Round "8"]
[White "Bu Xiangzhi"]
[Black "Zhou Jianchao"]
[Result "1-0"]
[WhiteElo "2681"]
[BlackElo "2652"]
[PlyCount "78"]
[EventDate "2010.06.11"]

1. Nf3 Nf6 2. c4 g6 3. Nc3 d5 4. d4 Bg7 5. Bf4 O-O 6. Rc1 c6 7. e3 Be6 8. Ng5
Bc8 9. Qb3 e6 10. Nf3 Nbd7 11. Be2 Qe7 12. Ne5 Nxe5 13. Bxe5 Nd7 14. Bxg7 Kxg7
15. O-O Nf6 16. Rfd1 Rd8 17. h3 Rb8 18. Qa4 a6 19. b3 e5 20. dxe5 Qxe5 21. cxd5
Nxd5 22. Nxd5 Rxd5 23. Rxd5 cxd5 24. Bf3 Be6 25. Qa5 Qb2 26. Rd1 Rc8 27. Bxd5
Bxd5 28. Qxd5 Rc2 29. f4 Qc3 30. Rd3 Qe1+ 31. Kh2 Rc1 32. Qd4+ Kh6 33. Rd2 Qg1+
34. Kg3 Re1 35. Rf2 Rd1 36. Qc5 Kg7 37. f5 Rd8 38. Qe5+ Kg8 39. fxg6 hxg6 1-0

[Event "1st GM"]
[Site "Danzhou CHN"]
[Date "2010.06.19"]
[Round "8"]
[White "Zhou Weiqi"]
[Black "Ni Hua"]
[Result "1-0"]
[WhiteElo "2585"]
[BlackElo "2667"]
[PlyCount "57"]
[EventDate "2010.06.11"]

1. d4 d5 2. c4 c6 3. Nc3 Nf6 4. e3 a6 5. Qc2 e6 6. Nf3 c5 7. cxd5 exd5 8. Be2
Nc6 9. Ne5 Qc7 10. Nxc6 bxc6 11. e4 cxd4 12. Nxd5 Nxd5 13. exd5 Bb7 14. O-O Bd6
15. Bf3 cxd5 16. Re1+ Kf8 17. Qxc7 Bxc7 18. b3 Bd6 19. Bb2 h5 20. Rad1 Rc8 21.
Bxd4 Bb4 22. Re5 Bd6 23. Rf5 g6 24. Bxd5 gxf5 25. Bxb7 Ke7 26. Bxa6 Rb8 27.
Re1+ Kd7 28. Bxh8 Rxh8 29. Bc4 1-0